| 000 | 00440nam a2200157 i 4500 | ||
|---|---|---|---|
| 001 | 101635 | ||
| 003 | ES-MaACL | ||
| 005 | 20230906182940.0 | ||
| 007 | t| | ||
| 008 | 051021q19101919fr ||||1| fre d | ||
| 100 | 1 |
_aMeirs, George. _979853 |
|
| 245 | 1 | 0 |
_aDu sang sur le seuil _b: roman policier / _cGeorge Meirs. |
| 260 |
_aChoisy le Roi (Paris) : _bGruffel et C., _c[191-?] |
||
| 300 |
_a229 p. ; _c19 cm. |
||
| 852 |
_aES-MaACL _jD-1775 |
||
| 999 |
_c101635 _d101635 |
||